000 00275nam a2200097Ia 4500
008 220204s9999 xx 000 0 und d
082 _a339.564:677.18
_bREP
245 0 _aReport on India's coir exports and ocean freight rates
260 _aCochin
_bCoir Board
_c1969
942 _cBK
999 _c22237
_d22237